Proceedings of the International Symposium on Microchemistry held at Birmingham University, August 20th to 27th, 1958: (Record no. 144804)

MARC details
000 -LEADER
fixed length control field 01022nam a2200217 a 4500
008 - FIXED-LENGTH DATA ELEMENTS--GENERAL INFORMATION
fixed length control field
049 ## - LOCAL HOLDINGS (OCLC)
Holding library MAIN
090 ## - LOCALLY ASSIGNED LC-TYPE CALL NUMBER (OCLC); LOCAL CALL NUMBER (RLIN)
Classification number (OCLC) (R) ; Classification number, CALL (RLIN) (NR) QD98.M5
003 - CONTROL NUMBER IDENTIFIER
control field
005 - DATE AND TIME OF LATEST TRANSACTION
control field 20230123133222.0
040 ## - CATALOGING SOURCE
Transcribing agency NUST
111 2# - MAIN ENTRY--MEETING NAME
Meeting name or jurisdiction name as entry element International Symposium on Microchemistry
Date of meeting or treaty signing (1958 :
Location of meeting University of Birmingham)
245 10 - TITLE STATEMENT
Title Proceedings of the International Symposium on Microchemistry held at Birmingham University, August 20th to 27th, 1958:
Remainder of title organized by the Midlands Section and the Microchemistry Group of the Society for Analytical Chemistry, under the patronage of the International Union of Pure and Applied Chemistry.
260 ## - PUBLICATION, DISTRIBUTION, ETC.
Place of publication, distribution, etc. Oxford :
Name of publisher, distributor, etc. Published for the organizers by Symposium Publications Division, Pergamon Press,
Date of publication, distribution, etc. 1960.
300 ## - PHYSICAL DESCRIPTION
Extent xxvi, 583 p. :
Other physical details ill, diagrs, tables. ;
Dimensions 26 cm.
504 ## - BIBLIOGRAPHY, ETC. NOTE
Bibliography, etc. note Includes bibliographical references.
650 #0 - SUBJECT ADDED ENTRY--TOPICAL TERM
Topical term or geographic name entry element Microchemistry
Form subdivision Congresses.
650 #2 - SUBJECT ADDED ENTRY--TOPICAL TERM
Topical term or geographic name entry element Microchemistry.
907 ## - LOCAL DATA ELEMENT G, LDG (RLIN)
a .b10049794
b 17-05-04
c 17-04-03
942 ## - ADDED ENTRY ELEMENTS (KOHA)
Koha item type Ordinary Loan Books
Call number prefix QD98.M5
Holdings
Date last seen Total Checkouts Full call number Barcode Cost, replacement price Price effective from Koha item type Lost status Source of classification or shelving scheme Damaged status Not for loan Collection Withdrawn status Home library Current library Shelving location Date acquired Cost, normal purchase price
01/23/2023   QD98.M5 PRO 92003028537 80.00 01/23/2023 BOOKS   LCC     NFIC   MAIN MAIN GEN 01/23/2023 80.00